书目信息 |
| 题名: |
硬笔书法教程
|
|
| 作者: | 寇学臣 主编 | |
| 分册: | ||
| 出版信息: | 北京 中国国际广播出版社 2000 |
|
| 页数: | 106页 | |
| 开本: | 26cm | |
| 丛书名: | ||
| 单 册: | ||
| 中图分类: | J292.12 | |
| 科图分类: | 48.3221 | |
| 主题词: | 硬笔字-书法--中国--教材 , 书法-硬笔字--中国--教材 | |
| 电子资源: | ||
| ISBN: | ||
| 000 | 00734nam0 2200253 45 | |
| 001 | 0193020216 | |
| 005 | 20070724111841.85 | |
| 010 | @dCNY9.80@z7-5078-1076-7 | |
| 100 | @a19800101d2000 em y0chiy0121 ea | |
| 101 | 0 | @achi |
| 102 | @aCN@b370000 | |
| 102 | @aCN@b110000 | |
| 105 | @ay z 000yy | |
| 200 | 10 | @a硬笔书法教程@AYING BI SHU FA JIAO CHENG@f寇学臣主编@Fkou xue chen zhu bian |
| 210 | @a北京@c中国国际广播出版社@d2000 | |
| 215 | @a106页@d26cm | |
| 540 | 1 | @a硬笔 书法@AYING BI SHU FA |
| 606 | @a硬笔字-书法@y中国@x教材 | |
| 606 | @a书法-硬笔字@y中国@x教材 | |
| 690 | @aJ292.12@v三版 | |
| 692 | @a48.3221 | |
| 701 | 0 | @a寇学臣@Akou xue chen@4主编 |
| 801 | 0 | @aCN@bTSSF@c20070724 |
| 905 | @a10447@dJ292.12@e477 | |
| 硬笔书法教程/寇学臣主编.-北京:中国国际广播出版社,2000 |
| 106页;26cm |
| ISBN :CNY9.80 |
| ● |
| 相关链接 |
|
|
|
|
正题名:硬笔书法教程
索取号:J292.12/477
 
预约/预借
| 序号 | 登录号 | 条形码 | 馆藏地/架位号 | 状态 | 备注 |
| 1 | 0770140 | 207701405 | 第一样本阅览室/ [索取号:J292.12/477] | 在馆 |